| 000 | 00350nam a2200133Ia 4500 | ||
|---|---|---|---|
| 008 | 191201s2011 xx 000 0 und d | ||
| 100 | _aAHLUWALIA,Montek S | ||
| 245 | 0 | _aMacroeconomics and Monetary Policy Issues for a Reforming Economy | |
| 250 | _aIMP 3rd | ||
| 260 |
_aN. Delhi _bOxford _c2011 |
||
| 300 | _a345 | ||
| 650 | _aMBA | ||
| 942 |
_2ddc _cBK |
||
| 999 |
_c4815 _d4815 |
||